000
00302nam a2200121Ia 4500
008
190216s9999||||xx |||||||||||||| ||und||
100
_a
Dhires Bhattacharyya
245
0
_a
India`S Five Year Plan
260
_b
Calcutta The World Press Pvt Ltd
_c
1978
300
_a
193p
650
_a
Commerce
942
_c
BK
999
_c
4241
_d
4241